[Event "Hastings Masters op 94th"]
[Site "Hastings"]
[Date "2018.12.29"]
[Round "2"]
[White "Villiers, Thomas"]
[Black "Petrov, Vladimir Sergeev"]
[Result "1/2-1/2"]
[WhiteElo "2226"]
[BlackElo "2365"]
[PlyCount "34"]
[EventDate "2018.12.28"]
[EventType "swiss"]
[EventRounds "10"]
[EventCountry "ENG"]
[SourceTitle "CBM 188 Extra"]
[Source "ChessBase"]
[SourceDate "2019.02.28"]
[SourceVersion "1"]
[SourceVersionDate "2019.02.28"]
[SourceQuality "1"]

1. Nf3 Nf6 2. c4 c5 3. Nc3 Nc6 4. d4 cxd4 5. Nxd4 e6 6. g3 Qb6 7. Ndb5 Ne5 8. Bg2 Nxc4 9. b3 Ne5 10. Be3 Bc5 11. Bxc5 Qxc5 12. Rc1 0-0 13. Nd6 Nc6 14. 0-0 Qa5 15. Qc2 Ne8 16. Nce4 Nxd6 17. Nxd6 Qe5 1/2-1/2

[Event "Hastings Masters op 94th"]
[Site "Hastings"]
[Date "2018.12.28"]
[Round "1"]
[White "Petrov, Vladimir Sergeev"]
[Black "Spiegel, Stefan"]
[Result "1/2-1/2"]
[WhiteElo "2365"]
[BlackElo "2124"]
[PlyCount "91"]
[EventDate "2018.12.28"]
[EventType "swiss"]
[EventRounds "10"]
[EventCountry "ENG"]
[SourceTitle "CBM 188 Extra"]
[Source "ChessBase"]
[SourceDate "2019.02.28"]
[SourceVersion "1"]
[SourceVersionDate "2019.02.28"]
[SourceQuality "1"]

1. e4 Nf6 2. e5 Nd5 3. d4 Nb6 4. c4 d6 5. exd6 cxd6 6. Nc3 g6 7. Be3 Bg7 8. Rc1 0-0 9. b3 Bf5 10. Be2 d5 11. c5 Nc8 12. Bf3 Nc6 13. Bxd5 Nb4 14. Bc4 b6 15. Nge2 bxc5 16. dxc5 Bd3 17. 0-0 Bxc4 18. bxc4 Qa5 19. a3 Nc6 20. Qd5 Qa6 21. Nb5 e6 22. Qe4 Rb8 23. Rfd1 Qb7 24. Rb1 N8e7 25. Nec3 Ne5 26. Qxb7 Rxb7 27. Nd6 Rd7 28. Ncb5 Rfd8 29. Rdc1 N7c6 30. Nd4 Nxd4 31. Bxd4 Nf3+ 32. gxf3 Bxd4 33. Nb7 Rb8 34. c6 Rc7 35. Rd1 Be5 36. Na5 Rxb1 37. Rxb1 Kf8 38. Rb7 Ke8 39. c5 Kd8 40. Rb8+ Ke7 41. Rb7 Kd8 42. Nc4 Bd4 43. Rb8+ Ke7 44. Rb7 Kd8 45. Rb8+ Ke7 46. Rb7 1/2-1/2

[Event "BUL-ch 81st"]
[Site "Montana"]
[Date "2017.04.26"]
[Round "3.2"]
[White "Petrov, Vladimir Sergeev"]
[Black "Rusev, Krasimir"]
[Result "0-1"]
[WhiteElo "2353"]
[BlackElo "2540"]
[PlyCount "78"]
[EventDate "2017.04.21"]
[EventType "k.o."]
[EventRounds "9"]
[EventCountry "BUL"]
[SourceTitle "CBM 178 Extra"]
[Source "ChessBase"]
[SourceDate "2017.06.22"]
[SourceVersion "1"]
[SourceVersionDate "2017.06.22"]
[SourceQuality "1"]

1. e4 d6 2. d4 Nf6 3. Nc3 e5 4. Nf3 Nbd7 5. Bc4 Be7 6. 0-0 Nb6 7. Be2 exd4 8. Nxd4 0-0 9. a4 a5 10. Be3 d5 11. e5 Ne8 12. Nb3 c6 13. Nc5 g6 14. Qd4 Nd7 15. Nd3 Ng7 16. Bg4 f5 17. Bf3 Ne6 18. Bxd5 cxd5 19. Qxd5 Ndc5 20. Rad1 Nxd3 21. Qb3 Qe8 22. Rxd3 Qf7 23. Nd5 Bd8 24. Rfd1 Ra6 25. Bb6 Bxb6 26. Nf6+ Kh8 27. Rd7 Bxd7 28. Rxd7 Rd8 29. Qxe6 Rxd7 30. Qxd7 Qxd7 31. Nxd7 Ba7 32. Kf1 Kg7 33. Ke2 Kf7 34. f4 Rc6 35. Kd3 Bg1 36. Nf6 Rxf6 37. exf6 Bxh2 38. Kc4 Bxf4 39. Kb5 Bc7 0-1

[Event "Skopje Karposh op"]
[Site "Skopje"]
[Date "2017.04.08"]
[Round "9"]
[White "Petrov, Vladimir Sergeev"]
[Black "Sahin, Ozgun"]
[Result "1-0"]
[WhiteElo "2353"]
[BlackElo "2181"]
[PlyCount "97"]
[EventDate "2017.04.01"]
[EventType "swiss"]
[EventRounds "9"]
[EventCountry "MKD"]
[SourceTitle "CBM 177 Extra"]
[Source "ChessBase"]
[SourceDate "2017.04.27"]
[SourceVersion "1"]
[SourceVersionDate "2017.04.27"]
[SourceQuality "1"]

1. e4 c5 2. Nf3 Nc6 3. d4 cxd4 4. Nxd4 g6 5. Nc3 Bg7 6. Be3 Nf6 7. Bc4 0-0 8. Bb3 a5 9. 0-0 a4 10. Nxa4 Nxe4 11. Nb5 Ra6 12. Qe2 d6 13. c4 Nf6 14. Rad1 Na5 15. Bc2 Be6 16. b3 Qc8 17. Nac3 Nc6 18. Bb1 Rd8 19. Nd5 Bxd5 20. cxd5 Nb4 21. Rc1 Qg4 22. f3 Qh5 23. Nc7 Ra3 24. g4 Qh3 25. Qd2 Na6 26. Nb5 Nb4 27. Qxb4 Nxd5 28. Qd2 Nxe3 29. Qxe3 Ra5 30. Qxe7 Rf8 31. Qxb7 Bh6 32. Rce1 Bf4 33. Rf2 h5 34. Qe4 Be5 35. a4 Raa8 36. f4 Bf6 37. Qf3 hxg4 38. Qxh3 gxh3 39. Rf3 Rfe8 40. Kf1 Bh4 41. Re2 Rac8 42. Rxe8+ Rxe8 43. Rxh3 Re1+ 44. Kg2 Rxb1 45. Rxh4 Rb2+ 46. Kg1 Rxb3 47. f5 g5 48. Rd4 Rb1+ 49. Kg2 1-0

[Event "Skopje Karposh op"]
[Site "Skopje"]
[Date "2017.04.06"]
[Round "7"]
[White "Petrov, Vladimir Sergeev"]
[Black "Aleksandrov, Aleksej"]
[Result "1/2-1/2"]
[WhiteElo "2353"]
[BlackElo "2568"]
[PlyCount "116"]
[EventDate "2017.04.01"]
[EventType "swiss"]
[EventRounds "9"]
[EventCountry "MKD"]
[SourceTitle "CBM 177 Extra"]
[Source "ChessBase"]
[SourceDate "2017.04.27"]
[SourceVersion "1"]
[SourceVersionDate "2017.04.27"]
[SourceQuality "1"]

1. e4 e5 2. Nf3 Nc6 3. Nc3 Nf6 4. d4 exd4 5. Nxd4 Bb4 6. Nxc6 bxc6 7. Bd3 d5 8. exd5 cxd5 9. 0-0 0-0 10. Bg5 c6 11. Qf3 Bd6 12. Rae1 a5 13. h3 h6 14. Bxf6 Qxf6 15. Qxf6 gxf6 16. Ne2 a4 17. Ng3 Be5 18. c3 Ba6 19. Bxa6 Rxa6 20. f4 Bd6 21. Nh5 f5 22. Ng3 Rb6 23. Nxf5 Bc5+ 24. Kh1 Kh7 25. Re2 Rfb8 26. Rb1 Ba3 27. g4 Bxb2 28. Re7 Kg6 29. Rc7 Bxc3 30. Rxc6+ Rxc6 31. Rxb8 Bf6 32. Rg8+ Kh7 33. Rf8 Kg6 34. Rg8+ Kh7 35. Rf8 Rc7 36. Kg2 d4 37. Nd6 Rc2+ 38. Kf3 Rc3+ 39. Ke4 Re3+ 40. Kd5 Be7 41. Rxf7+ Kg8 42. Rf5 Rxh3 43. Ne4 d3 44. Ke6 Re3 45. Re5 Kf8 46. Kf5 Re2 47. Rd5 Rxa2 48. Rxd3 Rb2 49. Rd2 Rxd2 50. Nxd2 a3 51. Kg6 Bd6 52. f5 Bf4 53. Nb3 a2 54. f6 Bd2 55. Nd4 a1Q 56. Ne6+ Ke8 57. f7+ Kd7 58. f8Q Qb1+ 1/2-1/2

[Event "TUR-chT"]
[Site "Izmir"]
[Date "2016.07.30"]
[Round "7.7"]
[White "Petrov, Vladimir Sergeev"]
[Black "Ozates, Tuna"]
[Result "1/2-1/2"]
[WhiteElo "2360"]
[BlackElo "2074"]
[PlyCount "237"]
[EventDate "2016.07.25"]
[EventType "team-swiss"]
[EventRounds "13"]
[EventCountry "TUR"]
[SourceTitle "CBM 173 Extra"]
[Source "ChessBase"]
[SourceDate "2016.08.29"]
[SourceVersion "1"]
[SourceVersionDate "2016.08.29"]
[SourceQuality "1"]
[WhiteTeam "Akdeniz Vida Metal"]
[BlackTeam "TS Alyans"]
[WhiteTeamCountry "TUR"]
[BlackTeamCountry "TUR"]

1. e4 c5 2. Nf3 Nc6 3. d4 cxd4 4. Nxd4 e5 5. Nb5 d6 6. N1c3 a6 7. Na3 b5 8. Nd5 Nge7 9. c4 Nd4 10. Be3 Nxd5 11. cxd5 g6 12. Nc2 Nxc2+ 13. Qxc2 Bd7 14. Bd3 Bg7 15. 0-0 0-0 16. Rac1 Rc8 17. Qd2 f5 18. Rxc8 Qxc8 19. Qa5 Qb7 20. Rc1 Rc8 21. Rc3 fxe4 22. Bxe4 Rxc3 23. Qxc3 Qc8 24. Qxc8+ Bxc8 25. Kf1 Bf6 26. Ke2 Bd8 27. Ba7 Bc7 28. f3 Kf7 29. Kd3 Bd7 30. Be3 Bd8 31. Bf2 h6 32. Be3 g5 33. Ke2 Kg7 34. Kd3 Kf7 35. Kc3 Ba5+ 36. Kb3 Kg7 37. Ba7 Kf7 38. Kc2 Bc7 39. Kc3 Ba5+ 40. Kb3 Kf6 41. Bf2 Kf7 42. g4 Kf6 43. h4 Kf7 44. hxg5 hxg5 45. Be3 Kf6 46. Kc2 Bc7 47. Kd3 Bc8 48. Kc3 Ba5+ 49. Kb3 Bd7 50. Bc2 Be1 51. Bb6 Ke7 52. Bh7 Be8 53. Kc2 Bf7 54. Be4 Bb4 55. Kb3 Bc5 56. Ba5 Be8 57. Kc2 Bd4 58. b3 Bc5 59. Kd3 Bf7 60. Kd2 Be8 61. Kc2 Bd4 62. Kd3 Bf7 63. Kd2 Be8 64. Ke2 Bc5 65. Bd2 Kf6 66. Kd3 Bf7 67. Kc2 Be8 68. Ba5 Ke7 69. Kb2 Bf7 70. a4 Be8 71. axb5 Bxb5 72. Kc2 Bd7 73. Bd3 Bc8 74. Be2 Ba7 75. Kd3 Bc5 76. Kd2 Ba7 77. Bd3 Bd4 78. Bh7 Bd7 79. Ke2 Ba7 80. Bd3 Bc8 81. Kf1 Bd4 82. Kg2 Bb7 83. Be4 Ba7 84. Kg3 Be3 85. Kh3 Bd4 86. Kh2 Be3 87. Kg2 Bd4 88. Kf1 Bc8 89. Ke2 Bd7 90. Kd3 Bb5+ 91. Kc2 Bd7 92. Bh7 Ba7 93. Bg6 Bd4 94. Kd2 Ba7 95. Bd3 Bc8 96. Ke2 Bd4 97. Be4 Bd7 98. Bh7 Ba7 99. Kd3 Bb5+ 100. Kc2 Bd7 101. Bc7 Bc5 102. Kc3 Bf2 103. Kd2 Bc5 104. Ba5 Ba7 105. Bd3 Bc8 106. Kc2 Bd4 107. Kb1 Ba7 108. Ka2 Bd4 109. Bd2 Kf6 110. Ba5 Ke7 111. Bc7 Kd7 112. Ba5 Ke7 113. Ka3 Be3 114. Bc7 Bb7 115. Be4 Kd7 116. Bb8 Bb6 117. Bf5+ Ke7 118. Be4 a5 119. Kb2 1/2-1/2

[Event "TUR-chT"]
[Site "Izmir"]
[Date "2016.07.29"]
[Round "6.4"]
[White "Petrov, Vladimir Sergeev"]
[Black "Karaoglan, Doruk"]
[Result "1-0"]
[WhiteElo "2360"]
[BlackElo "1889"]
[PlyCount "89"]
[EventDate "2016.07.25"]
[EventType "team-swiss"]
[EventRounds "13"]
[EventCountry "TUR"]
[SourceTitle "CBM 173 Extra"]
[Source "ChessBase"]
[SourceDate "2016.08.29"]
[SourceVersion "1"]
[SourceVersionDate "2016.08.29"]
[SourceQuality "1"]
[WhiteTeam "Akdeniz Vida Metal"]
[BlackTeam "Besiktas Jimnastik"]
[WhiteTeamCountry "TUR"]
[BlackTeamCountry "TUR"]

1. e4 c5 2. Nf3 d6 3. d4 cxd4 4. Nxd4 Nf6 5. Nc3 g6 6. Be3 a6 7. f3 Nbd7 8. Bc4 b5 9. Bb3 Bb7 10. Qd2 Qc7 11. a4 bxa4 12. Rxa4 Bg7 13. Rc4 Qa5 14. 0-0 0-0 15. Nd5 Nxd5 16. Qxa5 Nxe3 17. Rb4 Nxf1 18. Rxb7 Bxd4+ 19. Kxf1 Nc5 20. Rb4 Be5 21. Bd5 Rac8 22. g3 e6 23. Bc4 Rfd8 24. c3 Rd7 25. Rb6 Ra7 26. Be2 g5 27. Kg2 Kg7 28. Kh3 h5 29. Kg2 Kh7 30. Kf2 d5 31. Kg2 dxe4 32. fxe4 Kh6 33. Rxa6 Nxa6 34. Qxe5 Kg6 35. h4 Rc5 36. Qh8 gxh4 37. e5 hxg3 38. Bxh5+ Kg5 39. Be2 Kf4 40. Qh4+ Kxe5 41. Qd4+ Kf5 42. Bxa6 Rac7 43. Bd3+ Kg5 44. Qg7+ Kh4 45. Be2 1-0

[Event "TUR-chT"]
[Site "Izmir"]
[Date "2016.07.26"]
[Round "2.2"]
[White "Swiercz, Dariusz"]
[Black "Petrov, Vladimir Sergeev"]
[Result "1-0"]
[WhiteElo "2647"]
[BlackElo "2360"]
[PlyCount "67"]
[EventDate "2016.07.25"]
[EventType "team-swiss"]
[EventRounds "13"]
[EventCountry "TUR"]
[SourceTitle "CBM 173 Extra"]
[Source "ChessBase"]
[SourceDate "2016.08.29"]
[SourceVersion "1"]
[SourceVersionDate "2016.08.29"]
[SourceQuality "1"]
[WhiteTeam "Deniz Su Aquamatch"]
[BlackTeam "Akdeniz Vida Metal"]
[WhiteTeamCountry "TUR"]
[BlackTeamCountry "TUR"]

1. Nf3 Nf6 2. c4 c5 3. Nc3 Nc6 4. e3 e5 5. d4 e4 6. d5 exf3 7. dxc6 bxc6 8. e4 g6 9. Qxf3 Bg7 10. e5 Qe7 11. Qe2 Ng8 12. f4 f6 13. Ne4 fxe5 14. fxe5 Qxe5 15. Nd6+ Ke7 16. Bf4 Qxe2+ 17. Bxe2 Bxb2 18. Rb1 Bc3+ 19. Kd1 Nf6 20. Rb3 Bd4 21. Re1 Rf8 22. Bf1+ Kd8 23. Bh6 Re8 24. Nxe8 Nxe8 25. Bg5+ Bf6 26. Rxe8+ Kxe8 27. Bxf6 d5 28. Kd2 Ba6 29. Ra3 Bxc4 30. Bxc4 dxc4 31. Kc3 Kf7 32. Bh4 Re8 33. Rxa7+ Kg8 34. Be7 1-0

[Event "Nis op"]
[Site "Nis"]
[Date "2016.07.05"]
[Round "8"]
[White "Konstantinov, Aleksandar1"]
[Black "Petrov, Vladimir Sergeev"]
[Result "0-1"]
[WhiteElo "1994"]
[BlackElo "2362"]
[PlyCount "48"]
[EventDate "2016.06.28"]
[EventType "swiss"]
[EventRounds "9"]
[EventCountry "YUG"]
[SourceTitle "CBM 173 Extra"]
[Source "ChessBase"]
[SourceDate "2016.08.29"]
[SourceVersion "1"]
[SourceVersionDate "2016.08.29"]
[SourceQuality "1"]

1. d4 Nf6 2. c4 e6 3. Nc3 Bb4 4. Qc2 0-0 5. e4 d5 6. e5 Ne4 7. Bd3 c5 8. Nge2 cxd4 9. Nxd4 Nd7 10. Bf4 Ndc5 11. 0-0 Bxc3 12. bxc3 Bd7 13. Be2 Na4 14. cxd5 exd5 15. Bd3 Rc8 16. Bxe4 dxe4 17. Qxe4 Nxc3 18. Qxb7 Rc4 19. Be3 Rxd4 20. Bxd4 Ne2+ 21. Kh1 Nxd4 22. Qxa7 Bc6 23. f3 Nf5 24. Qc5 Qh4 0-1

[Event "Nis op"]
[Site "Nis"]
[Date "2016.07.04"]
[Round "7"]
[White "Petrov, Vladimir Sergeev"]
[Black "Samani, Yamac"]
[Result "1/2-1/2"]
[WhiteElo "2362"]
[BlackElo "2083"]
[PlyCount "78"]
[EventDate "2016.06.28"]
[EventType "swiss"]
[EventRounds "9"]
[EventCountry "YUG"]
[SourceTitle "CBM 173 Extra"]
[Source "ChessBase"]
[SourceDate "2016.08.29"]
[SourceVersion "1"]
[SourceVersionDate "2016.08.29"]
[SourceQuality "1"]

1. e4 e5 2. Nf3 Nc6 3. Nc3 Nf6 4. d4 exd4 5. Nxd4 Bb4 6. Nxc6 bxc6 7. Bd3 d5 8. exd5 cxd5 9. 0-0 0-0 10. Bg5 c6 11. Qf3 Bd6 12. Rae1 Rb8 13. b3 Bb4 14. Qg3 Bd7 15. Na4 Bxe1 16. Rxe1 h6 17. Bxh6 Nh5 18. Qd6 Qf6 19. Qxd7 Qxh6 20. Qxa7 Rbe8 21. Qa5 Nf4 22. Bf1 Qg5 23. g3 Qg4 24. Qd2 Nh3+ 25. Bxh3 Qxh3 26. Nc5 f5 27. f4 Qh5 28. Re5 Rxe5 29. fxe5 f4 30. Ne6 fxg3 31. Nxf8 gxh2+ 32. Qxh2 Qd1+ 33. Kf2 Qxc2+ 34. Kg3 Qc3+ 35. Kg4 Kxf8 36. Qh8+ Kf7 37. Qh5+ Ke7 38. Qg5+ Kf7 39. Qf5+ Ke7 1/2-1/2